000
00205 a2200097 4500
001
45381
100
_a
Lee R
245
_a
Guided weapons
260
_a
Oxford
_b
Brassy s defence
_c
090
_c
28541
_d
28541
942
_a
NUST-CAE
_c
M
_c
20604
999
_c
280454
_d
280454